000 01009nac a22003017a 4500
001 BR7805476
003 BR-BrBNA
005 20240207134452.0
008 230509b bl.|||m| |||| 00| 0 por d
040 _aBR-BrBNA
_bpor
_cBiblioteca Nacional de Agricultura
072 _aA50
090 _aA50
_bBR7805476
110 1 _aUnidade de Execucao de Pesquisa de Ambito Estadual de Teresina, PI (Brasil)
245 1 _aRelatorio trimestral, 2. trimestre/1978 [Unidade de Execucao de Pesquisa de Ambito Estadual de Teresina; Piaui; Brasil]
260 3 _aTeresina, PI (Brasil):
_c1978.
300 _a37 p.
490 _aRelatorio Trimestral - Unidade de Execucao de Pesquisa de Ambito Estadual de Teresina (Brazil)
500 _a17 tables
650 _aPesquisa agricola
650 _aPesquisa pecuaria
650 _aProjeto de pesquisa
650 _aFitotecnia
650 _aNutricao animal
650 _aAdministracao de pesquisa
650 _aTeresina
650 _aPiaui
942 _2AGRIS
_n0
_cMS
999 _c268452
_d268452